000 00219nam a22000857a 4500
008 170116b xxu||||| |||| 00| 0 eng d
100 _92413
_aArora.S
245 _aInformation Technology-X
260 _aNew Delhi
_bDhanpat
_c2012
999 _c5451
_d5451